PGA Career Grand Slam Winners - Statistics

General Stats
  • This quiz has been taken 152 times
  • The average score is 4 of 6
Answer Stats
First tournament win Answer % Correct
1997 Masters 1999 PGA Championship 2000 U.S. Open 2000 Open Tiger Woods
100%
2011 U.S. Open 2012 PGA Championship 2014 Open 2025 Masters Rory McIlroy
96%
1962 U.S. Open 1963 Masters 1963 PGA Championship 1966 Open Jack Nicklaus
87%
1959 Open 1961 Masters 1962 PGA Championship 1965 U.S. Open Gary Player
56%
1946 PGA Championship 1948 U.S. Open 1951 Masters 1953 Open Ben Hogan
52%
1922 U.S. Open 1922 PGA Championship 1932 Open 1935 Masters Gene Sarazen
27%
No matching quizzes found
Score Distribution
Percent of People with Each Score
Percentile by Number Answered
Your Score History
You have not taken this quiz